LEADER 01528nam a2200325 u 4500 001 000000066023 003 CaOOAMICUS 005 20070226121529.0 008 011219s1994 it u000 u ita u 020 $a8839919619 035 $a10914817 040 $aPUL(R)$bita 100 1 $aBonhoeffer, Dietrich,$d1906-1945.$0(OLS)http://pul/name/8147 240 10$aSanctorum communio : eine dogmatische Untersuchung zur Soziologie der Kirche.$lItaliano.$0(OLS)http://pul/title/87722 245 10$aSactorum communio :$buna ricerca dogmatica sulla sociologia della Chiesa /$cDietrich Bonhoeffer. 260 $aBrescia :$bQueriniana,$c1994. 300 $a ;$c21 cm 490 1 $aOpere di Dietrich Bonhoeffer ;$v1 500 $aInclude indici. 500 $aEdizione critica in lingua tedesca a cura di Joachim von Soosten ; traduzione dal tedesco di Elena Polli ; Revisione di Alberto Gallas. 504 $aBibliografia in nota. 650 4$aTeologia$ySec. XX.$0(OLS)http://pul/subject/1844 830 0$aOpere di Dietrich Bonhoeffer ;$v1.$0(OLS)http://pul/title/87715 850 $aPUL 852 $aPUL$W1$xSL Religione 1$y3$m75 M 70$j85386$nBK-PRI$b $qStampati$B85386$CPULBib$Z2$F85386 $H $81 941 1 $a8 961 $aINV: 72696 996 $6020$a8839919619$9(OLS)http://pul/number/85636 996 $6245$aSactorum communio :$buna ricerca dogmatica sulla sociologia della Chiesa$9(OLS)http://pul/title/87723 996 $6260$aBrescia :$bQueriniana$9(OLS)http://pul/publisher/47906 LEADER 01326nam a2200277 a 4500 001 000000162234 003 CaOOAMICUS 005 20170724145934.0 006 a 000 u 008 170724s1989 it m 001 u eng r 032 $aLibriCat 040 $aPUL$bita 100 1 $aFuss, Michael.$0(OLS)http://pul/name/24306 245 14$aThe Saddharmapundarika Sütra as sacred writing of Mahayana Buddhism :$ba phenomenological and Theological inquiry... / $cMichael Fuss. 260 $aRoma :$b[s.n.],$c1989. 300 $a133 p. ;$c25 cm. 502 $aEstratto di Tesi -- Pontificia Universitā Gregoriana. Facoltā di Teologia. 1983. 504 $aBibliografia in nota a pič pagina. 650 04$aTeologia filosofica.$0(OLS)http://pul/subject/7555 710 2 $aPontificia Universitā Gregoriana.$bFacoltā di teologia.$kTesi.$0(OLS)http://pul/name/81592 850 $aPUL 852 $aPUL$W1$xDP1 Tesi Pon. Univ. Gregoriana$y40$mTH PUG 3599$j186221$qTesi$B189442$CPULBib$Z2$F189442 $H64861 $82 941 1 $a16 996 $6245$aThe Saddharmapundarika Sütra as sacred writing of Mahayana Buddhism :$ba phenomenological and Theological inquiry... / $9(OLS)http://pul/title/201998 996 $6260$aRoma :$b[s.n.]$9(OLS)http://pul/publisher/47958